The millionaire entrepreneur : (Record no. 3828)
[ view plain ]
| 000 -LEADER | |
|---|---|
| fixed length control field | 00544cam a2200193 4500 |
| 001 - CONTROL NUMBER | |
| control field | 4617 |
| 005 - DATE AND TIME OF LATEST TRANSACTION | |
| control field | 20181127173805.0 |
| 008 - FIXED-LENGTH DATA ELEMENTS--GENERAL INFORMATION | |
| fixed length control field | 060821s2007 mnuab j b 001 0beng |
| 010 ## - LIBRARY OF CONGRESS CONTROL NUMBER | |
| LC control number | 2006027074 |
| 020 ## - INTERNATIONAL STANDARD BOOK NUMBER | |
| International Standard Book Number | 9788192624518 (paperback) |
| 043 ## - GEOGRAPHIC AREA CODE | |
| Geographic area code | n-us--- |
| 100 1# - MAIN ENTRY--PERSONAL NAME | |
| Personal name | Sharma, Siddhartha. |
| 245 10 - TITLE STATEMENT | |
| Title | The millionaire entrepreneur : |
| Remainder of title | like a boss / |
| Statement of responsibility, etc. | Siddhartha Sharma. |
| 260 ## - PUBLICATION, DISTRIBUTION, ETC. | |
| Place of publication, distribution, etc. | Noida, India. : |
| Name of publisher, distributor, etc. | SM, |
| Date of publication, distribution, etc. | 2013. |
| 300 ## - PHYSICAL DESCRIPTION | |
| Extent | 222 p. ; |
| Other physical details | |
| Dimensions | 24 cm. |
| 650 #0 - SUBJECT ADDED ENTRY--TOPICAL TERM | |
| Topical term or geographic name entry element | Wealth. |
| Geographic subdivision | |
| Form subdivision | |
| -- | |
| Topical term or geographic name entry element | Entrepreneurship --Finance. |
| Topical term or geographic name entry element | Executives. |
| Withdrawn status | Lost status | Source of classification or shelving scheme | Damaged status | Not for loan | Collection code | Home library | Current library | Shelving location | Date acquired | Serial Enumeration / chronology | Inventory number | Total Checkouts | Total Renewals | Full call number | Barcode | Checked out | Date last seen | Date last checked out | Price effective from | Koha item type |
|---|---|---|---|---|---|---|---|---|---|---|---|---|---|---|---|---|---|---|---|---|
| Dewey Decimal Classification | Main TEST | RTC Library | RTC Library | Main opac | 19/08/2022 | 7316 | 4 | 2 | 332.024 SHA | 30007280 | 15/04/2026 | 31/03/2026 | 31/03/2026 | 27/11/2018 | Main |